The Impact of Science and Technology on Society (Record no. 4248)

MARC details
000 -LEADER
fixed length control field 00358nam a2200145Ia 4500
008 - FIXED-LENGTH DATA ELEMENTS--GENERAL INFORMATION
fixed length control field 191201s2010 xx 000 0 und d
082 ## - DEWEY DECIMAL CLASSIFICATION NUMBER
Classification number 500
Item number SII
100 ## - MAIN ENTRY--PERSONAL NAME
Personal name SINGH,Ishwar
245 #0 - TITLE STATEMENT
Title The Impact of Science and Technology on Society
250 ## - EDITION STATEMENT
Edition statement REP
260 ## - PUBLICATION, DISTRIBUTION, ETC. (IMPRINT)
Place of publication, distribution, etc N.Delhi
Name of publisher, distributor, etc S.K.Kataria
Date of publication, distribution, etc 2010
300 ## - PHYSICAL DESCRIPTION
Extent 162
650 ## - SUBJECT ADDED ENTRY--TOPICAL TERM
Topical term or geographic name as entry element B.Tech(IT)
942 ## - ADDED ENTRY ELEMENTS (KOHA)
Source of classification or shelving scheme Dewey Decimal Classification
Koha item type Text Books
Holdings
Withdrawn status Lost status Source of classification or shelving scheme Damaged status Not for loan Collection code Home library Current library Shelving location Date acquired Source of acquisition Cost, normal purchase price Bill Number Total Checkouts Full call number Acc. no. / Barcode Date last seen Bill Date Koha item type Public note
    Dewey Decimal Classification     GENERAL PIET C-LIBRARY PIET C-LIBRARY Ref. Sec. R02 07/01/2010 J B C, New Delhi 125.00 SI-3976   500 SII 14249 04/12/2019 29/12/2009 Reference Books History and Culture
    Dewey Decimal Classification     GENERAL PIET C-LIBRARY PIET C-LIBRARY Ref. Sec. R02 07/01/2010 J B C, New Delhi 125.00 SI-3976   500 SII 14250 04/12/2019 29/12/2009 Reference Books History and Culture

Design & Developed by: PIET Central Library
R70 Miles Stone Pattikalyana Samalkha Panipat 132102
mail ID :- [email protected], Phone No:- 0180-2569700 Ex.216